Envejecimiento, personas mayores y Agenda 2030 para el desarrollo sostenible: perspectiva regional y de derechos humanos

Na minha lista:
Detalhes bibliográficos
Autor principal: Huenchuan, Sandra (Author)
Formato: Livro
Idioma:espanhol
Publicado em: Santiago CEPAL 2018
Edição:1a. ed
Assuntos:
Tags: Adicionar Tag
Sem tags, seja o primeiro a adicionar uma tag!

MARC

LEADER 00000cam a2200000 a 4500
001 UCC7200
003 CL-VaPUC
008 190308e20180000cl |||||||||||||||||spa|d
020 |a 9789211220025 
082 0 4 |a 305.26  |b HUE  |2 21 
100 |a Huenchuan, Sandra  |e author  |9 601737 
245 1 0 |a Envejecimiento, personas mayores y Agenda 2030 para el desarrollo sostenible: perspectiva regional y de derechos humanos 
250 |a 1a. ed 
300 |a 251 p 
942 |c BK 
945 |d 20190308 12:55:00  |a dcastane 
260 |a Santiago  |b CEPAL  |c 2018 
650 0 |a Tercera edad   |9 307285 
650 7 |a ENVEJECIMIENTO  |2 CL-VaPUC  |9 601738 
650 0 |a Desarrollo sostenible   |9 537755 
650 0 |a Políticas públicas  |9 309677 
583 |a last modification  |c 20190308 12:55:00  |k Rodrigo Vera 
999 |c 373909  |d 373907 
952 |0 0  |1 0  |3 erb  |4 0  |6 305_260000000000000_HUE_2018  |7 0  |8 A  |9 492191  |a BIBGIM  |b BIBGIM  |i 5535271  |l 1  |m 3  |o 305.26 HUE 2018  |p 5535271  |r 2025-05-02  |s 2025-03-31  |w 2019-11-24  |y BK  |z Catalogado en:20190308  |k SSL